000 00259nam a2200097Ia 4500
001 702622
005 20250826162336.0
008 250824s9999 xx 000 0 und d
245 0 _aFETHİN SEMBOLÜ AYASOFYA
_cMAZLUM AKIN
260 _bEĞLENCELİ BİLGİ YAYINLARI
999 _c702622
_d702622